<?xml version="1.0" encoding="UTF-8"?>
<record
    xmlns:xsi="http://www.w3.org/2001/XMLSchema-instance"
    xsi:schemaLocation="http://www.loc.gov/MARC21/slim http://www.loc.gov/standards/marcxml/schema/MARC21slim.xsd"
    xmlns="http://www.loc.gov/MARC21/slim">

  <leader>01228nam a22002894c 4500</leader>
  <controlfield tag="003">AR-BaSMT</controlfield>
  <controlfield tag="008">260512b2018     aga|||br|||| 001 1 spa d</controlfield>
  <datafield tag="020" ind1=" " ind2=" ">
    <subfield code="a">9788426142924</subfield>
  </datafield>
  <datafield tag="040" ind1=" " ind2=" ">
    <subfield code="a">BSGB</subfield>
    <subfield code="b">espa&#xF1;ol</subfield>
    <subfield code="c">BSGB</subfield>
    <subfield code="e">rda</subfield>
  </datafield>
  <datafield tag="041" ind1="1" ind2=" ">
    <subfield code="a">ing</subfield>
    <subfield code="h">ingl&#xE9;s</subfield>
  </datafield>
  <datafield tag="080" ind1=" " ind2=" ">
    <subfield code="a">82-31 </subfield>
  </datafield>
  <datafield tag="100" ind1="1" ind2=" ">
    <subfield code="a">Blyton, Enid </subfield>
    <subfield code="9">509</subfield>
  </datafield>
  <datafield tag="245" ind1="1" ind2="4">
    <subfield code="a">Los cinco y el tesoro de la isla</subfield>
  </datafield>
  <datafield tag="250" ind1=" " ind2=" ">
    <subfield code="a">Sexta edici&#xF3;n</subfield>
  </datafield>
  <datafield tag="264" ind1=" " ind2=" ">
    <subfield code="a">Barcelona : </subfield>
    <subfield code="b">Editorial Juventud , </subfield>
    <subfield code="c">2018</subfield>
  </datafield>
  <datafield tag="300" ind1=" " ind2=" ">
    <subfield code="a">218 p&#xE1;ginas ; </subfield>
    <subfield code="b">ilustraciones blanco y negro</subfield>
  </datafield>
  <datafield tag="336" ind1=" " ind2=" ">
    <subfield code="2">rdacontent</subfield>
    <subfield code="a">texto</subfield>
    <subfield code="b">txt</subfield>
  </datafield>
  <datafield tag="337" ind1=" " ind2=" ">
    <subfield code="2">rdamedia</subfield>
    <subfield code="a">sin mediaci&#xF3;n</subfield>
    <subfield code="b">n</subfield>
  </datafield>
  <datafield tag="338" ind1=" " ind2=" ">
    <subfield code="2">rdacarrier </subfield>
    <subfield code="a">volumen</subfield>
    <subfield code="b">nc</subfield>
  </datafield>
  <datafield tag="490" ind1=" " ind2=" ">
    <subfield code="a">Los cinco , </subfield>
    <subfield code="v">1</subfield>
  </datafield>
  <datafield tag="520" ind1=" " ind2=" ">
    <subfield code="a">&#xA1;Un temporal saca a la luz un antiguo barco naufragado junto a la isla de Kirrin!
Los Cinco se enteran de que llevaba un tesoro y est&#xE1;n resueltos a encontrarlo. &#xA1;Pero no son los &#xFA;nicos! Alguien m&#xE1;s est&#xE1; sobre la pista. El tiempo se acaba para los Cinco. &#xBF;Conseguir&#xE1;n llegar ellos primero al tesoro?</subfield>
    <subfield code="u">https://www.editorialjuventud.es/los-cinco-y-el-tesoro-de-la-isla-9788426142924/
12/05/2026</subfield>
  </datafield>
  <datafield tag="521" ind1="1" ind2=" ">
    <subfield code="a">A partir de 9 a&#xF1;os</subfield>
  </datafield>
  <datafield tag="650" ind1=" " ind2="7">
    <subfield code="9">8</subfield>
    <subfield code="a">LITERATURA INFANTIL</subfield>
  </datafield>
  <datafield tag="650" ind1=" " ind2="7">
    <subfield code="9">34</subfield>
    <subfield code="a">NOVELA DE AVENTURAS</subfield>
  </datafield>
  <datafield tag="942" ind1=" " ind2=" ">
    <subfield code="2">ddc</subfield>
    <subfield code="a">BOOK</subfield>
  </datafield>
  <datafield tag="999" ind1=" " ind2=" ">
    <subfield code="c">683</subfield>
    <subfield code="d">683</subfield>
  </datafield>
  <datafield tag="952" ind1=" " ind2=" ">
    <subfield code="0">0</subfield>
    <subfield code="1">0</subfield>
    <subfield code="2">ddc</subfield>
    <subfield code="4">0</subfield>
    <subfield code="a">BSGB</subfield>
    <subfield code="b">BSGB</subfield>
    <subfield code="c">Celeste</subfield>
    <subfield code="e">donaci&#xF3;n</subfield>
    <subfield code="i">000860</subfield>
    <subfield code="l">0</subfield>
    <subfield code="o">82-31 BLY</subfield>
    <subfield code="p">000860</subfield>
    <subfield code="t">1</subfield>
    <subfield code="y">BOOK</subfield>
    <subfield code="f"></subfield>
  </datafield>
</record>
